| 000 | 00915nam a22002897a 4500 | ||
|---|---|---|---|
| 003 | CHAP | ||
| 005 | 20220329133628.0 | ||
| 008 | 971013s1992 r 00010 d | ||
| 010 | _a8785 | ||
| 011 | _a9757 | ||
| 035 | _a8992 | ||
| 040 | _cCHAP | ||
| 082 |
_a631.43 _bH33 1992 |
||
| 100 | 0 | 0 |
_aHanks, Ronald John. _952533 |
| 245 |
_aApplied soil physics _b: soil water and temperature applications |
||
| 260 |
_aNew York : _bSpringer-Verlag, _c1992 |
||
| 300 |
_a176 p. _b; gráfs |
||
| 590 |
_aBATCH-UPD _b10 _c20130110 _lUCH01 _h1525 |
||
| 590 |
_aBATCH-UPD _b10 _c20130410 _lUCH01 _h0935 |
||
| 590 |
_aBATCH-UPD _b10 _c20130914 _lUCH01 _h1830 |
||
| 590 |
_aCONVERSION _b10 _c20130109 _lUCH01 _h1306 |
||
| 650 | 1 | 4 |
_aSuelos _xFísica de. _9110373 |
| 650 | 1 | 4 |
_aSuelos _xHumedad. _9110391 |
| 901 | _aBK | ||
| 942 | _cLIBRO | ||
| 949 |
_a631.43 H33 1992 _bBC _cLIBRO _d33724000069514 _eLIBRO _gI.167862 _h83794 _i8992 _si _t149.00 |
||
| 999 |
_c8785 _d8785 |
||